Countries of the World by currency - Statistics

General Stats
  • This quiz has been taken 295 times
  • The average score is 137 of 196
Answers on the Map
Answers color-coded by a green-red scale on the quiz's map according to % correct below.
 
Answer Stats
Country % Correct
Australia
98%
Bahamas
98%
Andorra
96%
Antigua and Barbuda
96%
Austria
96%
Barbados
96%
Belgium
96%
Belize
96%
Brunei
96%
Canada
96%
Cyprus
96%
Dominica
96%
East Timor
96%
Ecuador
96%
El Salvador
96%
Estonia
96%
Federated States of Micronesia
96%
Fiji
96%
Finland
96%
France
96%
Germany
96%
Greece
96%
Grenada
96%
Guyana
96%
Ireland
96%
Italy
96%
Jamaica
96%
Kiribati
96%
Kosovo
96%
Latvia
96%
Liberia
96%
Lithuania
96%
Luxembourg
96%
Malta
96%
Marshall Islands
96%
Monaco
96%
Montenegro
96%
Namibia
96%
Nauru
96%
Netherlands
96%
New Zealand
96%
Palau
96%
Panama
96%
Portugal
96%
Saint Kitts and Nevis
96%
Saint Lucia
96%
Saint Vincent and the Grenadines
96%
San Marino
96%
Singapore
96%
Slovakia
96%
Slovenia
96%
Solomon Islands
96%
Spain
96%
Suriname
96%
Taiwan
96%
Trinidad and Tobago
96%
Tuvalu
96%
United States
96%
Vatican City
96%
Zimbabwe
96%
Argentina
95%
Chile
95%
Colombia
95%
Cuba
95%
Dominican Republic
95%
Egypt
95%
Lebanon
95%
Mexico
95%
Philippines
95%
South Sudan
95%
Sudan
95%
Syria
95%
United Kingdom
95%
Uruguay
95%
Japan
91%
India
87%
Mauritius
87%
Nepal
87%
Pakistan
87%
Seychelles
87%
Sri Lanka
87%
Belarus
86%
Russia
86%
Benin
85%
Burkina Faso
85%
Burundi
85%
Cameroon
85%
Central African Republic
85%
Chad
85%
Comoros
85%
Democratic Republic of the Congo
85%
Djibouti
85%
Equatorial Guinea
85%
Gabon
85%
Guinea
85%
Guinea-Bissau
85%
Ivory Coast
85%
Liechtenstein
85%
Niger
85%
Republic of the Congo
85%
Rwanda
85%
Senegal
85%
Switzerland
85%
Togo
85%
Mali
79%
Denmark
76%
Norway
76%
China
75%
Turkey
75%
Algeria
74%
Bahrain
74%
Croatia
74%
Iraq
74%
Jordan
74%
Kuwait
74%
Libya
74%
Serbia
74%
Tunisia
74%
Iceland
73%
Sweden
73%
North Korea
71%
Poland
71%
South Korea
71%
Brazil
70%
South Africa
61%
Thailand
61%
Iran
60%
Oman
60%
Venezuela
60%
Yemen
60%
Albania
58%
Kenya
58%
Somalia
58%
Tanzania
58%
Uganda
58%
Vietnam
54%
Morocco
52%
United Arab Emirates
52%
Bosnia and Herzegovina
51%
Indonesia
51%
Qatar
51%
Saudi Arabia
51%
Bulgaria
48%
Czechia
47%
Hungary
46%
Moldova
45%
Peru
45%
Romania
45%
Guatemala
44%
Israel
43%
Afghanistan
41%
Malaysia
40%
North Macedonia
40%
Bolivia
38%
Kyrgyzstan
38%
Uzbekistan
38%
Costa Rica
33%
Laos
33%
Angola
32%
Azerbaijan
32%
Bangladesh
32%
Cape Verde
32%
Paraguay
32%
Turkmenistan
31%
Kazakhstan
30%
Ukraine
30%
Malawi
29%
Zambia
29%
Armenia
28%
Cambodia
28%
Ethiopia
28%
Ghana
26%
Honduras
26%
Georgia
25%
Haiti
25%
Myanmar
25%
Nicaragua
25%
Tajikistan
25%
Vanuatu
25%
Botswana
24%
Madagascar
24%
Maldives
24%
Papua New Guinea
24%
Sierra Leone
24%
Mozambique
23%
Nigeria
22%
Samoa
21%
Tonga
21%
Bhutan
20%
Gambia
19%
Lesotho
19%
São Tomé and Príncipe
18%
Mauritania
17%
Eswatini
15%
Mongolia
13%
Eritrea
8%
No matching quizzes found
Score Distribution
Percent of People with Each Score
Percentile by Number Answered
Your Score History
You have not taken this quiz